Lagoon /

A star falls from the sky. A woman rises from the sea. The world will never be the same. 'There was no time to flee. No time to turn. No time to shriek. And there was no pain. It was like being thrown into the stars.' Three strangers, each isolated by his or her own problems: Adaora, the m...

Full description

Bibliographic Details
Main Author: Okorafor, Nnedi (Author)
Format: Book
Language:English
Published: London : Hodder, 2014.
Subjects:

MARC

Tag First Indicator Second Indicator Subfields
LEADER 00000cam a2200000 i 4500
001 in00003507158
005 20141202133340.0
008 141001s2014 enk 000 1 eng c
035 |a (OCoLC)ocn891851034 
040 |a YDXCP  |b eng  |e rda  |c YDXCP  |d TXA 
020 |a 1444762761 (pbk.) 
020 |a 9781444762761 (pbk.) 
035 |a (OCoLC)891851034 
042 |a pcc 
050 4 |a PS3615.K67  |b L34 2014 
049 |a TXAM 
100 1 |a Okorafor, Nnedi,  |e author. 
245 1 0 |a Lagoon /  |c Nnedi Okorafor. 
264 1 |a London :  |b Hodder,  |c 2014. 
300 |a 301 pages ;  |c 20 cm 
336 |a text  |b txt  |2 rdacontent 
337 |a unmediated  |b n  |2 rdamedia 
338 |a volume  |b nc  |2 rdacarrier 
520 |a A star falls from the sky. A woman rises from the sea. The world will never be the same. 'There was no time to flee. No time to turn. No time to shriek. And there was no pain. It was like being thrown into the stars.' Three strangers, each isolated by his or her own problems: Adaora, the marine biologist; Anthony, the rapper famous throughout Africa; Agu, the troubled soldier. Wandering along Bar Beach in Lagos, Nigeria's legendary mega-city, they're more alone than they've ever been before. But when something like a meteorite plunges into the ocean and a tidal wave overcomes them, these three people will find themselves bound together in ways never imagined. Together with Ayodele, a visitor from beyond the stars, they must race through Lagos and against time itself in order to save the city, the world... and themselves.--  |c Publisher. 
650 0 |a End of the world  |v Fiction. 
651 0 |a Lagos (Nigeria)  |v Fiction. 
994 |a C0  |b TXA 
948 |a cataloged  |b h  |c 2014/12/2  |d c  |e nbehmer  |f 1:33:09 pm 
999 f f |s 35c0c72c-bbce-3ef5-97ec-e5308e52fa53  |i 62dc05aa-b8f7-3789-817a-e6049086d49d  |t 0 
952 f f |p normal  |a Texas A&M University  |b College Station  |c Sterling C. Evans Library  |s Evans stk  |d Evans: Library Stacks  |t 0  |e PS3615.K67 L34 2014  |h Library of Congress classification  |i unmediated -- volume  |m A14842765357 
998 f f |a PS3615.K67 L34 2014  |t 0  |l Evans: Library Stacks